[Event "Canadian zt (Women)"]
[Site "Toronto"]
[Date "2024.03.31"]
[Round "6"]
[White "Li, Yeeshuen"]
[Black "Wang, Rachel Zihan"]
[Result "0-1"]
[WhiteElo "1587"]
[BlackElo "1813"]
[PlyCount "108"]
[EventDate "2024.03.28"]
[EventType "team-swiss"]
[EventRounds "9"]
[EventCountry "CAN"]
[SourceTitle "CB15_2024"]
[SourceDate "2024.04.10"]
[SourceVersion "1"]
[SourceVersionDate "2024.04.10"]
[SourceQuality "1"]

1. e4 c5 2. Nc3 Nc6 3. d3 g6 4. Be3 d6 5. d4 cxd4 6. Bxd4 Nxd4 7. Qxd4 Nf6 8. e5 dxe5 9. Bb5+ Bd7 10. Qxe5 a6 11. Bxd7+ Qxd7 12. Rd1 Qf5 13. Nf3 Bg7 14. Qxf5 gxf5 15. 0-0 e6 16. Rfe1 0-0 17. Ne2 Rac8 18. c3 Nd5 19. Ned4 Rfd8 20. Ne5 Nb6 21. Ndf3 Na4 22. Rb1 b5 23. Nd4 Bxe5 24. Rxe5 Nxb2 25. g3 Na4 26. Nb3 Nxc3 27. Ra1 Na4 28. Na5 Rc2 29. Ree1 Rdd2 30. Rf1 Rxa2 31. Nb3 Rxa1 32. Nxd2 Rxf1+ 33. Kxf1 Nc3 34. Nb3 Kf8 35. Ke1 Ke7 36. Kd2 Ne4+ 37. Ke3 Kd6 38. Kd4 Nxf2 39. Ke3 Ng4+ 40. Kf4 Nxh2 41. Kg5 Ng4 42. Na1 b4 43. Nc2 b3 44. Ne3 Nxe3 45. Kh6 b2 46. Kg7 b1Q 47. Kh8 Ke7 48. g4 fxg4 49. Kg8 Kf6 50. Kh8 Qf5 51. Kg8 Qg6+ 52. Kf8 Qd3 53. Ke8 g3 54. Kf8 Qd8# 0-1

[Event "Kingston Easter U1600"]
[Site "Kingston"]
[Date "2019.04.21"]
[Round "6.41"]
[White "Wang, Rachel Zihan"]
[Black "Arman, Azroy"]
[Result "0-1"]
[WhiteElo "1528"]
[BlackElo "1560"]
[PlyCount "120"]
[EventDate "2019.04.18"]
[EventType "swiss"]
[EventRounds "9"]
[EventCountry "CAN"]
[SourceTitle "EXT 2022"]
[Source "ChessBase"]
[SourceDate "2021.10.06"]
[SourceVersion "1"]
[SourceVersionDate "2021.10.06"]
[SourceQuality "1"]

1. d4 d5 2. c4 c6 3. Nf3 Nf6 4. Nc3 Bf5 5. Qb3 Qb6 6. c5 Qxb3 7. axb3 Nbd7 8. e3 e6 9. b4 Be7 10. b5 0-0 11. bxc6 bxc6 12. Ba6 Rfb8 13. Nd2 e5 14. 0-0 Ne8 15. b3 exd4 16. exd4 Bf6 17. Ra4 Nxc5 18. dxc5 Bxc3 19. Re1 Bf6 20. Bf1 Nc7 21. Re3 a5 22. Nf3 Ne6 23. Bd2 Nxc5 24. Rxa5 Rxa5 25. Bxa5 d4 26. Re1 Nxb3 27. Bc7 Rc8 28. Ba6 Rf8 29. Bd6 Ra8 30. Bc4 Bc2 31. Be5 d3 32. Bxb3 Bxb3 33. Bxf6 gxf6 34. Nd2 Bc2 35. f4 Ra4 36. Re4 Ra1+ 37. Kf2 Rd1 38. Ke3 f5 39. Rc4 Re1+ 40. Kf3 Re2 41. Nf1 d2 42. Rxc2 d1Q 43. Rxe2 Qxf1+ 44. Ke3 Qg1+ 45. Kf3 c5 46. g3 c4 47. Rg2 Qf1+ 48. Rf2 Qd3+ 49. Kg2 c3 50. Rf1 c2 51. Kg1 Qe3+ 52. Kg2 c1Q 53. Rxc1 Qxc1 54. Kf2 Kg7 55. Kg2 Kh6 56. Kf2 Kh5 57. Kg2 Qe3 58. Kh3 Qd3 59. Kg2 Qe2+ 60. Kh3 Qf1# 0-1

[Event "Quebec-ch U19 Girls"]
[Site "Montreal"]
[Date "2017.02.12"]
[Round "4.3"]
[White "Wang, Rachel Zihan"]
[Black "Farahdel, Anahita"]
[Result "1-0"]
[WhiteElo "1150"]
[BlackElo "956"]
[PlyCount "137"]
[EventDate "2017.02.10"]
[EventType "swiss"]
[EventRounds "5"]
[EventCountry "CAN"]
[SourceTitle "EXT 2022"]
[Source "ChessBase"]
[SourceDate "2021.10.06"]
[SourceVersion "1"]
[SourceVersionDate "2021.10.06"]
[SourceQuality "1"]
[WhiteTeam "Canada"]
[BlackTeam "Canada"]
[WhiteTeamCountry "CAN"]
[BlackTeamCountry "CAN"]

1. e4 e5 2. Nf3 Nc6 3. Nc3 Nf6 4. d4 Bd6 5. Bg5 h6 6. Bh4 Qe7 7. Nd5 Qe6 8. Nxf6+ gxf6 9. d5 Qg4 10. dxc6 Qxe4+ 11. Qe2 Qxc6 12. Bxf6 Bb4+ 13. Nd2 Qxf6 14. c3 Ba5 15. Nc4 d6 16. Nxa5 d5 17. Qf3 Qe6 18. 0-0-0 d4 19. Bc4 Qf5 20. Qxf5 Bxf5 21. cxd4 0-0-0 22. dxe5 Rde8 23. Bxf7 Rxe5 24. Nc4 Rc5 25. b3 b5 26. Rd5 Rxd5 27. Bxd5 bxc4 28. Bxc4 Rd8 29. Rd1 Bd7 30. Kb2 Re8 31. Ba6+ Kd8 32. Bb5 Re7 33. Bxd7 Re2+ 34. Kc3 Ke7 35. Bh3 Kf6 36. f4 Rxa2 37. Rd7 c5 38. Rd5 Ra1 39. Rxc5 Rc1+ 40. Kd4 Rd1+ 41. Kc4 Rc1+ 42. Kb5 Rb1 43. b4 a6+ 44. Kxa6 Rxb4 45. Rf5+ Kg6 46. g4 Rb3 47. Bf1 Rb1 48. Bd3 Rh1 49. h4 Rh3 50. Rd5+ Kf6 51. Rd6+ Kg7 52. g5 hxg5 53. hxg5 Kf7 54. f5 Ke7 55. Re6+ Kd7 56. Bb5+ Kc7 57. f6 Ra3+ 58. Ba4 Rxa4+ 59. Kb5 Rg4 60. Re7+ Kd6 61. Rg7 Ke6 62. f7 Ke7 63. g6 Rd4 64. Rg8 Rd5+ 65. Kc6 Rf5 66. Rh8 Rf4 67. Re8+ Kf6 68. f8Q+ Kg5 69. Qxf4+ 1-0

[Event "Quebec-ch U19 Girls"]
[Site "Montreal"]
[Date "2017.02.10"]
[Round "1.1"]
[White "Ouellet, Maili Jade"]
[Black "Wang, Rachel Zihan"]
[Result "1-0"]
[WhiteElo "2142"]
[BlackElo "1150"]
[PlyCount "87"]
[EventDate "2017.02.10"]
[EventType "swiss"]
[EventRounds "5"]
[EventCountry "CAN"]
[SourceTitle "EXT 2022"]
[Source "ChessBase"]
[SourceDate "2021.10.06"]
[SourceVersion "1"]
[SourceVersionDate "2021.10.06"]
[SourceQuality "1"]
[WhiteTeam "Canada"]
[BlackTeam "Canada"]
[WhiteTeamCountry "CAN"]
[BlackTeamCountry "CAN"]

1. d4 d5 2. c4 c6 3. Nf3 Nf6 4. Nc3 dxc4 5. a4 Bg4 6. Ne5 e6 7. Nxg4 Nxg4 8. e4 Nf6 9. Bxc4 Bb4 10. f3 c5 11. Be3 Nc6 12. dxc5 Qxd1+ 13. Rxd1 Bxc3+ 14. bxc3 0-0 15. 0-0 h6 16. Rb1 Na5 17. Be2 Rfc8 18. Rb5 b6 19. cxb6 axb6 20. Bxb6 Nb7 21. Bd4 Nd6 22. Rb4 Nh5 23. f4 Nf6 24. e5 Nd5 25. exd6 Nxb4 26. cxb4 Rxa4 27. Bc5 Rca8 28. Bf3 Rd8 29. Bc6 Ra6 30. b5 Ra2 31. Rd1 Rc2 32. Bb6 Rxd6 33. Rxd6 Rc1+ 34. Kf2 Rc2+ 35. Ke3 Rc3+ 36. Kd4 Rc2 37. Rd8+ Kh7 38. Be4+ g6 39. Bxc2 Kg7 40. Ke5 h5 41. Bd4 f6+ 42. Kxe6 Kh6 43. Rh8+ Kg7 44. Bxf6# 1-0